| 000 -LEADER |
| fixed length control field |
00382nam a2200157Ia 4500 |
| 003 - CONTROL NUMBER IDENTIFIER |
| control field |
OSt |
| 005 - DATE AND TIME OF LATEST TRANSACTION |
| control field |
20260323165203.0 |
| 008 - FIXED-LENGTH DATA ELEMENTS--GENERAL INFORMATION |
| fixed length control field |
260210s9999 xx 000 0 und d |
| 020 ## - INTERNATIONAL STANDARD BOOK NUMBER |
| International Standard Book Number |
9781032380865 |
| 082 ## - DEWEY DECIMAL CLASSIFICATION NUMBER |
| Classification number |
320.6 HOW |
| 100 ## - MAIN ENTRY--PERSONAL NAME |
| Personal name |
Howlett |
| 245 #0 - TITLE STATEMENT |
| Title |
Designing Public Policies: Principles And Instruments, |
| 250 ## - EDITION STATEMENT |
| Edition statement |
3Rd Ed. |
| 260 ## - PUBLICATION, DISTRIBUTION, ETC. (IMPRINT) |
| Name of publisher, distributor, etc |
Routledge |
| 942 ## - ADDED ENTRY ELEMENTS (KOHA) |
| Item type |
B.PLAN |
| Source of classification or shelving scheme |
|